| 000 | 04681cam a22013574i 4500 | ||
|---|---|---|---|
| 003 | PE-LiUPU | ||
| 005 | 20250813185406.0 | ||
| 008 | 170712s2017 gw a rb 000 0 spa d | ||
| 020 | _a3841683835 | ||
| 020 | _a9783841683830 | ||
| 035 | _a(Sirsi) a237909 | ||
| 040 |
_aPE-LiUPU _bspa _cPE-LiUPU _erda |
||
| 049 | _aPRUA | ||
| 082 | 0 | 4 |
_a303.372 _bS21 _220 |
| 100 | 1 |
_aSantos Gutiérrez, Edual Delmer, _eautor. |
|
| 245 | 1 | 0 |
_aModelo de valores para la gerencia : _bvalores para una gerencia exitosa de clase mundial / _cEdual Delmar, Santos Gutiérrez. |
| 250 | _a1ª edición. | ||
| 264 | 1 |
_aAlemania: _bPublicia, _c2017. |
|
| 300 |
_a223 páginas : _bilustraciones ; _c22 centímetros |
||
| 336 |
_atext _2rdacontent |
||
| 337 |
_aunmediated _2rdamedia |
||
| 338 |
_avolume _2rdacarrier |
||
| 504 | _aBibliografía : páginas 216-223. | ||
| 505 | 0 | _aIntroducción -- Valores -- Modelos de hombre y organización en la gerencia con valores -- Propuesta de modelo en valores gerenciales -- Concluciones y recomendaciones. | |
| 526 | _aP202 | ||
| 526 | _aP201 | ||
| 526 | _aP163 | ||
| 526 | _aP162 | ||
| 526 | _aP161 | ||
| 526 | _aP160 | ||
| 526 | _aP148 | ||
| 526 | _aP147 | ||
| 526 | _aP146 | ||
| 526 | _aP145 | ||
| 526 | _aP144 | ||
| 526 | _aP143 | ||
| 526 | _aP142 | ||
| 526 | _aP141 | ||
| 526 | _aP140 | ||
| 526 | _aP139 | ||
| 526 | _aP138 | ||
| 526 | _aP137 | ||
| 526 | _aP136 | ||
| 526 | _aP135 | ||
| 526 | _aP134 | ||
| 526 | _aP133 | ||
| 526 | _aP129 | ||
| 526 | _aP128 | ||
| 526 | _aP127 | ||
| 526 | _aP120 | ||
| 526 | _aP119 | ||
| 526 | _aP118 | ||
| 526 | _aP116 | ||
| 526 | _aP115 | ||
| 526 | _aP114 | ||
| 526 | _aP110 | ||
| 526 | _aP109 | ||
| 526 | _aP108 | ||
| 526 | _aP104 | ||
| 526 | _aP103 | ||
| 526 | _aP102 | ||
| 526 | _aP99 | ||
| 526 | _aP98 | ||
| 526 | _aP97 | ||
| 526 | _aP96 | ||
| 526 | _aP95 | ||
| 526 | _aP93 | ||
| 526 | _aP90 | ||
| 526 | _aP89 | ||
| 526 | _aP88 | ||
| 526 | _aP83 | ||
| 526 | _aP82 | ||
| 526 | _aP62 | ||
| 526 | _aP59 | ||
| 526 | _aP58 | ||
| 526 | _aP57 | ||
| 526 | _aP51 | ||
| 526 | _aP49 | ||
| 526 | _aP48 | ||
| 526 | _aP47 | ||
| 526 | _aP29 | ||
| 526 | _aP24 | ||
| 526 | _aP20 | ||
| 526 | _aP19 | ||
| 526 | _aP17 | ||
| 526 | _aP15 | ||
| 526 | _aP14 | ||
| 526 | _aP12 | ||
| 526 | _aP10 | ||
| 526 | _aP09 | ||
| 526 | _aP08 | ||
| 526 | _aP07 | ||
| 526 | _aP06 | ||
| 526 | _aP05 | ||
| 526 | _aP04 | ||
| 526 | _aP01 | ||
| 650 | 0 | 4 | _aValores. |
| 650 | 0 | 4 | _aGerencia y sociedad. |
| 650 | 0 | 4 | _aDecisiones gerenciales. |
| 910 |
_ajck _bjvq _cjpc _d20170712 |
||
| 942 |
_2ddc _cBOOK |
||
| 949 |
_a303.372 S21 _wDEWEY _c1 _i76467 _lCATALOGING _mBUL _p84.00 _r0 _sY _tBOOK _u2017-07-12 _xFCE _PP04 _0COMPRA _o.CIRCNOTE. El documento es de alto precio. _o.STAFF. Colección Ciencias Empresariales |
||
| 949 |
_a303.372 S21 _wDEWEY _c2 _i76468 _lCATALOGING _mBUL _p84.00 _r0 _sY _tBOOK _u2017-07-12 _xFCE _PP04 _0COMPRA _o.CIRCNOTE. El documento es de alto precio. _o.STAFF. Colección Ciencias Empresariales |
||
| 949 |
_a303.372 S21 _wDEWEY _c3 _i76469 _lCATALOGING _mBUL _p84.00 _r0 _sY _tBOOK _u2017-07-12 _xFCE _PP04 _0COMPRA _o.CIRCNOTE. El documento es de alto precio. _o.STAFF. Colección Ciencias Empresariales |
||
| 949 |
_a303.372 S21 _wDEWEY _c1 _iFT03347 _lCCODEBUT1 _mBUT _p16.00 _r0 _sY _tBOOK _u2017-10-15 _xFCE _PP04 _0COMPRA _o.STAFF. Colección General |
||
| 949 |
_a303.372 S21 _wDEWEY _c1 _iFT03348 _lCCODEBUT1 _mBUT _p16.00 _r0 _sY _tBOOK _u2017-10-15 _xFCE _PP04 _0COMPRA _o.STAFF. Colección General |
||
| 994 |
_aC0 _bPEPRU |
||
| 596 | _a1 2 | ||
| 999 |
_a303.372 S21 _wDEWEY _c24612 _i76467 _f2021-11-5 _g4 _lCCODEBUL1 _mBUL _p84.00 _r0 _sY _tBOOK _u2017-7-12 _xFCE _PP04 _0COMPRA _o.STAFF. Colección Ciencias Empresariales _d24612 |
||
| 999 |
_a303.372 S21 _wDEWEY _c2 _i76468 _f2021-11-5 _g4 _lCCODEBUL1 _mBUL _p84.00 _r0 _sY _tBOOK _u2017-7-12 _xFCE _PP04 _0COMPRA _o.STAFF. Colección Ciencias Empresariales |
||
| 999 |
_a303.372 S21 _wDEWEY _c3 _i76469 _f2021-11-5 _g4 _lCCODEBUL1 _mBUL _p84.00 _r0 _sY _tBOOK _u2017-7-12 _xFCE _PP04 _0COMPRA _o.STAFF. Colección Ciencias Empresariales |
||
| 999 |
_a303.372 S21 2017 _wDEWEY _c1 _iFT03347 _d2018-8-27 _e2018-8-22 _f2019-2-20 _g1 _lCCODEBUT1 _mBUT _n7 _p16.00 _r0 _sY _tBOOK _u2017-10-15 _xFCE _PP01 _0COMPRA _o.STAFF. Colección General |
||
| 999 |
_a303.372 S21 2017 _wDEWEY _c2 _iFT03348 _d2018-9-17 _e2018-9-12 _f2019-2-20 _g1 _lCCODEBUT1 _mBUT _n1 _p16.00 _r0 _sY _tBOOK _u2017-10-15 _xFCE _PP01 _0COMPRA _o.STAFF. Colección General |
||
| 980 |
_81 _gALBERTO SANCHEZ Responsable de Automatización |
||